00847cam a22002534a 45000010009000000050017000090080041000260100017000670200018000840200015001020400018001170410008001350430012001430800017001550820021001721000007001931010008002002450139002085040056003479060045004039420012004489990017004609520116004771468239420180126082916.0061228s2007 nyua b 000 0 eng  a 2006053516 a9780060852559 a0060852550 aDLCcDLCdDLC aeng an-usa-- a641.0973 BAR00a641.0973 BAR2221 a10 aNUT10aAnimal, vegetable, miracle :cBarbara Kingsolver, with Steven L. Hopp and Camille Kingsolver ; original drawings by Richard A. Houser. aIncludes bibliographical references (p. [355]-357). a7bcbccorignewd1eocipf20gy-gencatlg 2ddccBK c41022d41022 00102udc40708PËKGa002b002cPËKGd2018-01-26l0o641.0973 BARp002-2996574r2018-01-26w2018-01-26yBK